| 000 | 00573nam a22001937a 4500 | ||
|---|---|---|---|
| 005 | 20250603110521.0 | ||
| 008 | 250603b |||||||| |||| 00| 0 eng d | ||
| 020 |
_a9781637750155 _cRs.4022.00 |
||
| 040 | _aLoreto College | ||
| 041 | _aEnglish | ||
| 082 |
_a153.94 _bRUE |
||
| 100 | _aRueda,Joshua | ||
| 245 |
_aTOEFL preparation book 2025-2026 _b3TOEFL iBT practice tests and study circle _cJoshua Rueda |
||
| 260 |
_a[s.l] _bTest Prep Books _c2023 |
||
| 300 |
_a216p. _b28cm. |
||
| 650 | _aCompetitive Examination | ||
| 850 | _aLCLIB | ||
| 942 | _cBK | ||
| 999 |
_c44098 _d94577 |
||